The quality evaluation of bok choy through packaging materials (Kandal-siem reap),(ការវាយតម្លៃគុណភាពស្ពៃតឿតាមរយៈការប្រើប្រាស់បរិក្ខាវេចខ្ចប់ (ខេត្តកណ្ដាល-សៀមរាប) (Record no. 1221)

000 -LEADER
fixed length control field 00658nam a22001337a 4500
040 ## - CATALOGING SOURCE
Transcribing agency RUA
082 ## - DEWEY DECIMAL CLASSIFICATION NUMBER
Classification number AGR HEN 2012 B052 Or.1
100 ## - MAIN ENTRY--AUTHOR NAME
Personal name HENG PHEARUN
245 ## - TITLE STATEMENT
Title The quality evaluation of bok choy through packaging materials (Kandal-siem reap),(ការវាយតម្លៃគុណភាពស្ពៃតឿតាមរយៈការប្រើប្រាស់បរិក្ខាវេចខ្ចប់ (ខេត្តកណ្ដាល-សៀមរាប)
260 ## - PUBLICATION, DISTRIBUTION, ETC. (IMPRINT)
Place of publication phnom penh
Name of publisher RUA
Year of publication 2012
300 ## - PHYSICAL DESCRIPTION
Number of Pages xi, 38p.
Dimensions ill.
856 ## - ELECTRONIC LOCATION AND ACCESS
Uniform Resource Identifier https://drive.google.com/file/d/1Bk3hQyoF5ixUhSsnROflA7m5IXvjNTCq/view?usp=sharing
942 ## - ADDED ENTRY ELEMENTS (KOHA)
Koha item type AGR
952 ## - LOCATION AND ITEM INFORMATION (KOHA)
Withdrawn status [LOCAL, KOHA] 0
952 ## - LOCATION AND ITEM INFORMATION (KOHA)
Withdrawn status [LOCAL, KOHA] 0
952 ## - LOCATION AND ITEM INFORMATION (KOHA)
Withdrawn status [LOCAL, KOHA] 0
952 ## - LOCATION AND ITEM INFORMATION (KOHA)
Withdrawn status [LOCAL, KOHA] 0
952 ## - LOCATION AND ITEM INFORMATION (KOHA)
Withdrawn status [LOCAL, KOHA] 0
952 ## - LOCATION AND ITEM INFORMATION (KOHA)
Withdrawn status [LOCAL, KOHA] 0
Holdings
Permanent Location Date acquired Koha item type Lost status Shelving location Barcode Current Location Full call number
Library Block B2015-09-24AGR B052RUA004915Library Block BAGR HEN 2012 B052 Or.1
Library Block B2015-09-24AGR B052RUA005602Library Block BAGR HEN 2012 B052 Or.2
Library Block B2015-09-24AGR B052RUA000517Library Block BAGR HEN 2012 B052 Or.3
Library Block B2015-09-24AGR B052RUA017655Library Block BAGR HEN 2012 B052 Or.4
Library Block B2015-09-24AGR B052RUA000590Library Block BAGR HEN 2012 B052 Or.5
Library Block B2016-12-30AGR  A05770Library Block BAGR HEN 2012 B052 Or.6
មជ្ឈមណ្ឌលឯការនៃសាកលវិទ្យាល័យភូមិន្ទកសិកម្មចំការដូង

Powered by Koha